000 00282nam a2200121 a 4500
008 101213s1958|||| d
245 1 0 _aNauka o harmónii
_n4
020 _c10
260 _bSDĽUT
_aBratislava
_c1958
044 _axo
_cSK
041 _aslo
100 1 _aPospíšil, Juraj
999 _c15180
_d15180